| 000 | 01607cam a2200325 4500 | ||
|---|---|---|---|
| 001 | 9434962 | ||
| 003 | ARRUPE | ||
| 005 | 20140612142351.0 | ||
| 008 | 820707m19609999enkab b 001 0 eng | ||
| 010 |
_a 68129770 _z 2010467642 _z 2012518843 |
||
| 040 |
_aDLC _cDLC _dDLC |
||
| 043 | _afc----- | ||
| 050 | 0 | 0 |
_aQK400 _b.F55 |
| 245 | 0 | 0 |
_aFlora Zambesiaca: _bMozambique, Federation of Rhodesia and Nyasaland, Bechuanaland Protectorate. |
| 260 |
_aLondon, _bPublished on behalf of the Governments of Portugal, the Federation of Rhodesia and Nyasaland, and the United Kingdom by the Crown Agents for Oversea Governments and Administrations, _c1960-<2012> |
||
| 300 |
_av. <v. 1, pt. 1-2, v. 2, pt. 1-2, v. 3, pts. 1, 4, v. 4, v. 13, pt. 2> _billus. (part col.) maps (1 fold. col. in pocket) _c23-24 cm. |
||
| 500 | _aSubtitle of <v. 3, pt. 4, v. 13, pt. 2>: Mozambique, Malawi, Zambia, Zimbabwe, Botswana. | ||
| 500 | _aEditors vary. | ||
| 500 | _aPublisher of <v. 3, pt. 4, v. 13, pt. 2>: Published by the Royal Botanic Gardens, Kew, for the Flora Zambesiaca Managing Committee. | ||
| 504 | _aIncludes bibliographical references and indexes. | ||
| 650 | 0 |
_aPlants _zAfrica, Central. _910964 |
|
| 650 | 0 |
_aPlants _xMozambique. _910965 |
|
| 700 | 1 |
_aExell, A. W. _q(Arthur Wallis), _d1901- _eed. _910966 |
|
| 700 | 1 |
_aWild, H. _q(Hiram), _eed. _910967 |
|
| 700 | 1 |
_aFernandes, A. _q(AbĂlio), _d1906- _eed. _910968 |
|
| 906 |
_a7 _bcbc _cpremver _d1 _encip _f19 _gy-gencatlg |
||
| 942 |
_2lcc _cSPC |
||
| 999 |
_c120746 _d120746 |
||